000 00414nam a2200169Ia 4500
008 230711s9999||||xx |||||||||||||| ||und||
020 _a978-1-107-64134-1
041 _aENG
082 _a531.3
_bZI-S
100 _aZiman,J.M
245 0 _aPrinciples of the theroy of solids
250 _a2nd Ed.
260 _c2017
_aNew Delhi
_bCambridge University Press
300 _a435p.
650 _aPhysics
942 _cBK
999 _c6169
_d6169